书目信息 |
| 题名: |
空调机制冷机家用电冰箱原理安装维修400问
|
|
| 作者: | 冯玉琪沈永春 编著 | |
| 分册: | ||
| 出版信息: | 北京 中国计量出版社 1986.9 |
|
| 页数: | 375页 | |
| 开本: | 20cm | |
| 丛书名: | ||
| 单 册: | ||
| 中图分类: | TB65 | |
| 科图分类: | ||
| 主题词: | 制冷--机械 , 制冷--设备 | |
| 电子资源: | ||
| ISBN: | 7-5026-0077-9 | |
| 000 | 00672nam0 2200205 45 | |
| 001 | 0312221749 | |
| 005 | 20040629150813.4 | |
| 010 | @a7-5026-0077-9@dCNY6.50 | |
| 100 | @a20031222d1986 km y0chiy0120 ea | |
| 101 | @achi | |
| 105 | @a z 000yy | |
| 200 | 1 | @a空调机制冷机家用电冰箱原理安装维修400问@AKong Diao Ji Zhi Leng Ji Jia Yong Dian Bing Xiang Yuan LiAn Zhuang Wei Xiu 400 Wen@f冯玉琪沈永春编著@FFeng Yu Qi Shen Yong Chun Bian Zhu |
| 210 | @a北京@c中国计量出版社@d1986.9 | |
| 215 | @a375页@d20cm | |
| 606 | 0 | @a制冷@x机械 |
| 606 | 0 | @a制冷@x设备 |
| 690 | @aTB65@v3 | |
| 701 | 0 | @a冯玉琪沈永春@4编著 |
| 801 | @aCN@bTSTCL@c20031222 | |
| 905 | @dTB65@e18@f1@b249462 | |
| 空调机制冷机家用电冰箱原理安装维修400问/冯玉琪沈永春编著.-北京:中国计量出版社,1986.9 |
| 375页;20cm |
| ISBN 7-5026-0077-9:CNY6.50 |
| ● |
| 相关链接 |
|
|
|
|
正题名:空调机制冷机家用电冰箱原理安装维修400问
索取号:TB65/18
 
预约/预借
| 序号 | 登录号 | 条形码 | 馆藏地/架位号 | 状态 | 备注 |
| 1 | 0249461 | 001358952 | 密集书库/ [索取号:TB65/18] | 在馆 | |
| 2 | 0249462 | 001932902 | 密集书库/ [索取号:TB65/18] | 在馆 | |
| 3 | 0249463 | 001358603 | 第二样本阅览室/ [索取号:TB65/18] | 在馆 |